| 000 | 01828nam2a2200349 4500 | ||
|---|---|---|---|
| 001 | RU\NLR\bibl\1704102 | ||
| 005 | 20250616062538.0 | ||
| 010 |
_a978-5-7829-0266-7 _9200 |
||
| 021 |
_aRU _b2010-82122 _95471 |
||
| 035 | _a(NLR Aleph) 001695168 | ||
| 090 |
_a1185645 _c1185645 |
||
| 100 | _a20101122d2010 |||y0rusy50 ca | ||
| 101 | 0 | _arus | |
| 102 | _aRU | ||
| 105 | _aa ||||||||| | ||
| 200 | 1 | _aМеханика. Молекулярная физика. Термодинамика | |
| 210 |
_d2010 _aБ. м. |
||
| 215 |
_a180 с. _cил. |
||
| 461 | 0 |
_1001RU\NLR\bibl\1714427 _12001#$aКурс физики$vТ. 1 _91246877 _aАлексеев, В. В. (канд. физ.-мат. наук) _cКазань _d2010 _e3-е изд., перераб. и доп. _fВ.В. Алексеев, Л.И. Маклаков _nРедакционно-издательский отдел Казанского государственного архитектурно-строительного университета _oучебное пособие _tКурс физики _vТ. 1 |
|
| 517 | 0 | _aМолекулярная физика | |
| 517 | 0 | _aТермодинамика | |
| 606 | 1 |
_aМолекулярная физика _jУчебные издания для высших учебных заведений _9914526 _3RU\NLR\auth\6614992 |
|
| 606 | 1 |
_aТермодинамика _jУчебные издания для высших учебных заведений _9913925 _3RU\NLR\auth\6614666 |
|
| 606 | 1 |
_aМеханика _jУчебные издания для высших учебных заведений _91564071 _3RU\NLR\auth\66684576 |
|
| 686 | _aВ2я73-1 | ||
| 686 | _aВ36я73-1 | ||
| 686 | _aВ317.1я73-1 | ||
| 801 | 0 |
_aRU _bNLR _c20101122 _gRCR |
|
| 801 | 1 |
_aRU _bNLR _c20101122 |
|
| 942 | _cBOOK | ||
| 980 | _aNB | ||